000 00987nac a22003017a 4500
001 BR9607757
003 BR-BrBNA
005 20240105121752.0
008 230509b bl.|||m| |||| 00| 0 por d
040 _aBR-BrBNA
_bpor
_cBiblioteca Nacional de Agricultura
072 _aF03; F02
090 _a1000 BR9607757
100 1 _aLedo, A. da S.
100 1 _aRitzinger, R.
100 1 _aAzevedo, F.F. de
110 1 _aCentro de Pesquisa Agroflorestal do Acre, Rio Branco (Brasil)
245 1 _aAvaliacao de cultivares e porta-enxertos de citros em Rio Branco. Acre, no periodo de 1991 a 1995
260 3 _aRio Branco, AC (Brasil):
_c1996.
300 _a7 p.
490 _aPesquisa em Andamento - Centro de Pesquisa Agroflorestal do Acre (Brazil)
_vno. 74
_xISSN 0101-6075
500 _a10 tables
650 _aFruta Citrica
650 _aVariedade
650 _aPorta Enxerto
650 _aAcre
909 _a202312
_bLúcia Elande
_c55
_dLúcia Elande
942 _2AGRIS
_n0
_cMS
999 _c287338
_d287338